Quizzes
Events
Quiz Creation
Community
Videos
Private Events
Remove Ads
Sign In
Join for FREE
Feedback
Dark Mode
Quiz Categories
Sports
Geography
Music
Movies
Television
Just For Fun
Miscellaneous
History
Literature
Language
Science
Gaming
Entertainment
Religion
Holiday
For Kids
Quiz Lab
Recent
Popular Today
Quiz Kudos Today
Editor Picks
Curator Picks
Quizzes by...
Day
Popularity
Type
Ratings
Length
Year
Community
Subscriptions
Recent Discussions
Orange Saloon
Badges
Playlists
Quests
Create
Leaderboards
Showdown
Live 5
Trivia Bingo
Activity
Puzzle Library
Sporcle Events
Private Events
Virtual Trivia
Globe League
Become a Host
Pub Owners
SporcleCon
Opinionation
Our Games
Videos
Blog
Mobile Apps
Partnerships
Remove Ads and Go Orange
Feedback
Sports
Athletes
MLB
NBA
NHL
NFL
Soccer
Sports Teams
WWE
NCAA
Football
Premier League
Basketball
Baseball
Hockey
Golf
Tennis
Cricket
Rugby
Auto Racing
Olympics
World Cup
Sports
Athletes
MLB
NBA
NHL
NFL
Soccer
Sports Teams
WWE
NCAA
Football
Premier League
Basketball
Baseball
Hockey
Golf
Tennis
Cricket
Rugby
Auto Racing
Olympics
World Cup
Random Quiz
Search Sporcle
×
Quiz Lab
Quiz Lab
Sports
NCAA
Type in answers that appear in a list
Type in answers that appear in a list
Classic
Best Score? Go Orange.
NCAA FOOTBALL TEAMS SCORING 100 POINTS IN ONE GAME Stats
Can you name the NCAA FOOTBALL TEAMS SCORING 100 POINTS IN ONE GAME?
8m
34 Questions
129 Plays
129 Plays
129 Plays
Comments
Comments
Give Quiz Kudos
Give Quiz Kudos
-
- Ratings
hide this ad
Replay
Link that replays current quiz
Next Quiz
Link to next quiz in quiz playlist
You Got
0%
They Got
Avg Score
53%
Avg Friend Score
Upgrade to see
Score Distribution
Jump to the score distribution portion of the page
Score
0/34
Timer
08:00
0
Plays Today
SCORE/YEAR
TEAM
% Correct
140-
0 (1916)
OKLAHOMA
81.7%
107-
0 (1916)
OKLAHOMA
81.7%
103-
0 (1918)
OKLAHOMA
81.7%
179-
0 (1917)
OKLAHOMA
81.4%
119-
0 (1902)
MICHIGAN
78.3%
130-
0 (1904)
MICHIGAN
77.8%
107-
0 (1902)
MICHIGAN
77.8%
110-
0 (1922)
ALABAMA
68.2%
222-
0 (1916)
GEORGIA TECH
66.7%
128-
0(1918)
GEORGIA TECH
66.7%
118-
0 (1918)
GEORGIA TECH
66.7%
113-
0 (1884)
YALE
64.3%
128-
0 (1916)
OHIO ST
62%
144-
0 (1913)
FLORIDA
58.1%
142-
0 (1905)
NOTRE DAME
57.4%
103-
0 (1914)
NOTRE DAME
56.3%
100-
0 (1917)
NEBRASKA
55.8%
SCORE/YEAR
TEAM
% Correct
136-
0 (1890)
VIRGINIA
55%
104-
0 (1905)
TENNESSEE
52.7%
101-
0 (1912)
TENNESSEE
52.4%
101-
0 (1915)
TENNESSEE
52.4%
101-
0 (1915)
TENNESSEE
52%
115-
0 (1890)
PRINCETON
47.3%
115-
0 (1910)
OREGON
41.1%
109-
7 (1920)
PENN ST
40.3%
134-
0 (1914)
OKLAHOMA ST
38.1%
100-
0 (1911)
ARKANSAS
37.3%
144-
0 (1904)
SYRACUSE
36.4%
122-
0 (1901)
CLEMSON
36.4%
100-
6 (1968)
HOUSTON
36.4%
167-
0 (1920)
ARIZONA
26.4%
146-
3 (1916)
RICE
25.6%
105-
3 (1912)
VANDERBILT
20.2%
100-
0 (1919)
NORTH CAROLINA STATE
17.1%
Quiz Playlist
Details
Report
Send in Message
Add To Playlist
Classic:
Type in answers that appear in a list
Quiz Source
Last Updated: Feb 16, 2017
Quiz Scoreboard
CHALLENGE
Sign Up to Join the Scoreboard
Show All
Scores
Hide
Comments
May contain spoilers
Recently Published
Pick 6: Fruits
by JohnFran
Miscellaneous
15s
Click the 1999 NBA Draft
by nibperrychub
Sports
2m
Alphabetical 'K' Countries by Flag Minefield
by ylime102
Geography
3m
More to Explore
Quiz From the Vault
Featured Blog Post
15 Basketball Trivia Facts You Can Be March Mad About
hide this ad
You Might Also Like...
Tags
Football Quiz
NCAA Quiz
100
In One Game
point
Scoring
team
Today's Top Quizzes in Sports
Browse Sports
hide this ad
Today's Top Quizzes in NCAA
Browse NCAA
Top Contributed Quizzes in Sports
1
Les joueurs à 100 buts en Ligue 1 Uber Eats
2
Pick 6: NFL Teams
3
MLB 2 truths and a lie: Hall of Fame pitchers
4
2022 World Cup Stars
5
Criteria MLB: Left Handed Sluggers
6
Millionaire: NBA Finals Edition
7
Pick 6: Minor League Baseball
8
Click the 1998 NBA Draft
9
Don't Strike Out: 3000 Strikeouts
10
Pick 6: Olympics
Explore More
Trending Topics
Kpop
Marvel
Disney
Harry Potter
NBA
Crossword
Anime
Country
Pokémon
Puzzle
Soccer
NFL
Song
WWE
The Office
hide this ad
Score Distribution
Popular Quizzes Today
1
Countries of Asia Without Outlines Minefield
2
Find the US States - No Outlines Minefield
3
Pick 6: Fruits
4
Alphabetical 'K' Countries by Flag Minefield
5
The Countries of the World
6
Find the US States
7
US States
8
Find the Countries of Europe - No Outlines Minefield
More Sports Quizzes
Big 4 Teams Not Ending with 'S'
Published
Trending Quizzes
Pick 6: Mountains
Pick 6: Harry Potter
Pick 6: Flags
Pick 6: NFL Teams
Pick 6: Movie Franchises
Recently Updated
NWSL Teams
pecheneg
Women's Final Four Teams by Year
bhenderson79
Presidents Quartet II
eogle
Anything But Clue(do)
eogle
Anything But Oceanian Capitals
eogle
Anything But 7
eogle
Anything But Thing
eogle
Word Ladder: February 29
pecheneg
Song Title Questions
pecheneg
Women's NCAA Tournament #1 Seeds
pecheneg
Trending Topics
Disney
Kpop
Anime
Harry Potter
Crossword
Marvel
NBA
Puzzle
NFL
Soccer
The Office
Song
Pokémon
Country
WWE
Your Account Isn't Verified!
In order to create a playlist on Sporcle, you need to verify the email address you used during registration. Go to your
Sporcle Settings
to finish the process.
Report this User
Report this user for behavior that violates our
Community Guidelines
.
Details:
Send Report
Go to the Sporcle.com Mobile Site →
Comments